000 00517nam a22001577a 4500
003 OSt
005 20151104095024.0
008 151104b xxu||||| |||| 00| 0 eng d
040 _cRUA
082 _aFOR ភោគ 1995 B121 Or.1
100 _93317
_aភោគ វីរៈ
245 _aវីភាគទាននៃការសិក្សាការហូរច្រោះដីទៅលើបឹងទន្លេសាប
260 _aPhnom Penh
_bRUA
_c1995
300 _a172p.
_bill.
_c29cm.
942 _2ddc
_cFOR
999 _c3095
_d3095